Slovenský realitný trh bakalárska práca

Guardado en:
Detalles Bibliográficos
Autor principal: Vargová, Katarína
Autor Corporativo: Fakulta podnikového manažmentu EU. Katedra podnikových financií
Otros Autores: Rusina, Michal
Formato: Libro
Lenguaje:eslovaco
Publicado: Bratislava 2012
Etiquetas: Agregar Etiqueta
Sin Etiquetas, Sea el primero en etiquetar este registro!

MARC

LEADER 00000nbm a2200000 4500
001 0154165
005 20161109111824.3
041 0 |a slo 
044 |a SK 
245 1 0 |a Slovenský realitný trh  |b bakalárska práca  |c Katarína Vargová ; školiteľ: Michal Rusina 
264 1 |a Bratislava  |c 2012 
300 |a 47 s. 
100 1 |a Vargová, Katarína 
700 1 |a Rusina, Michal 
710 2 |a Fakulta podnikového manažmentu EU. Katedra podnikových financií